Koleksi peribahasa & simpulan bahasa

Bibliographic Details
Format: Book
Published: KL : Ciptaan Jiwaseni , 2006
Subjects:

MARC

LEADER 00000cam a2200000 7i4500
001 0000034978
005 20130111.0
008 130111
020 |a 9838811475 
090 0 0 |a 398.9   |b KOL 
245 1 0 |a Koleksi peribahasa & simpulan bahasa   |c Sidang Pengarang 
260 |a KL :   |b Ciptaan Jiwaseni ,   |c 2006 
650 0 |a Proverbs, Malays 
999 |a 0001135532   |b Book   |c Adult Collection   |e Cawangan Mersing 
999 |a 0001135533   |b Book   |c Adult Collection   |e Cawangan Taman Sri Lambak 
999 |a 0001135534   |b Book   |c Adult Collection   |e Perbadanan Perpustakaan Awam Johor 
999 |a 0001135535   |b Book   |c Adult Collection   |e Cawangan Muar 
999 |a 0001135536   |b Book   |c Adult Collection   |e Cawangan Muar